000 00933cam a2200253 4500
001 L130137
008 050414n2005 000 0 eng u
020 _a186081753X
035 _a(Sirsi) u130137
041 _aeng
050 _a690.22
_c18
100 _aSaunders, G. K.
245 _aSafety considerations in designing roofs
260 _aWatford
_bBRE
_c2005
300 _a6p.
_c30cm.
350 _a12
490 _aBRE Digest
_v493
520 _aReports the findings of the Designing Roofs with Safety in Mind Partners in Innovation project sponsored by the Department of Trade and Industry. The digest is intended to enable more effective implementation of the CDM regulations and to result in the construction of safer roofs.
590 _aIKA190705
690 _aHealth and safety
_96244
710 _aUnited Kingdom
_bDepartment of Trade and Industry
710 _aBuilding Research Establishment
942 _n0
999 _c104362
_d104362